Score 0/30 Timer 03:00
0 Plays Today
% Correct
Red
94.5%
Baseball
94.1%
30 minutes
94%
Washington, Jefferson, Roosevelt and Lincoln
91.1%
Gold
90.7%
Mario
83%
Mustard
75.5%
Clock
71.3%
Hades
67.8%
Julie Andrews
65.6%
Nirvana
65.1%
Pulp Fiction
62.9%
22
61.9%
Brasilia
59.4%
Joey
55%
% Correct
Matthew
53.2%
Sweeney Todd
52.4%
The Joker
51.7%
John Grisham
40.8%
December
36.6%
Inception
36.3%
Mercury
34.6%
Doug Funnie
34.5%
Dice
33.4%
Taco Bell
31.9%
Japan
23%
The Office
22.9%
Omega
22%
Adultery
14.3%
Palindrome
11.6%
Remove Ads.
Support Sporcle.
Get the best of Sporcle when you Go Orange. This ad-free experience offers more features, more stats, and more fun while also helping to support Sporcle. Thank you for becoming a member.

You're not logged in!

Compare scores with friends on all Sporcle quizzes.
OR
Log In

Show Comments

Extras

Top Quizzes Today


Score Distribution

Your Account Isn't Verified!

In order to create a playlist on Sporcle, you need to verify the email address you used during registration. Go to your Sporcle Settings to finish the process.

Report this User

Report this user for behavior that violates our Community Guidelines.

Details: